000 00878nam0a22002411 4500
001 rc\3058065
005 20260406194530.0
035 _a(NLR Aleph) 007197044
090 _a7595076
_c7595076
100 _a20111013d1940 |||y0rusy50 ca
101 0 _arus
102 _aRU
105 _ay z |||||
200 1 _aУстав Общества по изучению производительных сил Удмуртской АССР
210 _aИжевск
_cУдмуртгосиздат
_d1940
215 _a8 с.
_d14 см
300 _aБез тит. л. Описано по обл.
710 0 2 _aОбщество по изучению производительных сил Удмуртской АССР
_cИжевск
_3RU\NLR\AUTH\889957659
_9411413
801 0 _aRU
_bNLR
_gpsbo
801 1 _aRU
_bELAR
_2rusmarc
852 _aNLR
_bЭ
_j30 В-2/1
942 _cBOOK
980 _aNB